Guess the Star Wars Character by Picture - Statistics

General Stats
  • This quiz has been taken 128 times
  • The average score is 31 of 38
Answer Stats
Picture Answer % Correct
Yoda
100%
r2d2
98%
Anakin Skywalker
97%
Jar Jar Binks
97%
Luke Skywalker
97%
Princess Leia
96%
Jabba the Hutt
95%
Han Solo
93%
Kylo Ren
93%
BB8
92%
C3P0
92%
Darth Maul
92%
Obi Wan Kenobi
92%
Chewbacca
91%
Boba Fett
89%
Emperor Palpatine
88%
Rey
88%
Stormtrooper
88%
Padme
87%
Finn
83%
Mace Windu
83%
Count Dooku
82%
Qui Gon Jinn
82%
Jango Fett
80%
Ahsoka
79%
Ewok
76%
General Grievous
76%
Cad Bane
72%
Greedo
71%
Snoke
71%
Kit Fisto
70%
Poe Dameron
70%
Ki Adi Mundi
67%
Watto
65%
Plo Koon
64%
Owen Lars
62%
Shmi Skywalker
62%
Rose Tico
60%
No matching quizzes found
Score Distribution
Percent of People with Each Score
Percentile by Number Answered
Your Score History
You have not taken this quiz